000 00694nam a2200253Ia 4500
003 OSt
005 20220912150947.0
006 a|||||r|||| 00| 0
007 ta
008 220909b |||||||| |||| 00| 0 eng d
024 _a21917
037 _cTextual
040 _aCSL
_beng
_cCSL
041 _aeng
082 _aB313, L21
100 _aLadas G E
245 0 _aDifferential equations in abstract spaces
260 _aNew York
_b Academic Press
_c1972
300 _axi, 218p.
_ccm.
490 _aMathematics in Science and Engineering
700 _a Lakshmikantham V
942 _hB313, L21
_cTEXL
_2CC
999 _c58188
_d58188